000 00398nam a2200157Ia 4500
008 151213s9999 xx 000 0 und d
100 _aCectz B. Willliams
245 _aHenry Words Worth L.
_cCectz B. Willliams
250 _a1st
260 _aNew York
_bTwayme Publishers
_c1964
300 _a4653 p.
650 _aBiography
650 _aEnglish
700 _aCectz B. Willliams
999 _c3000
_d3000